| 000 | 00561cam a2200217ua 4500 | ||
|---|---|---|---|
| 001 | 9682 | ||
| 008 | 180418n ii |||gr||||Z||||||hin | ||
| 020 | _a9788190866859 | ||
| 040 | _cMAIN | ||
| 041 | _ahin | ||
| 082 | _a891.43 | ||
| 100 |
_aSahay, Alakh Ranjan, _eAuthor. |
||
| 245 |
_aGadya katha aalok _cEd. by Alakh Ranjan Sahay |
||
| 250 | _anew ed. | ||
| 260 |
_aDibrugarh: _bMahaveer publications, _c2016. |
||
| 300 | _a68p. | ||
| 653 | _aEast Indo-European & Celtic literatures | ||
| 653 | _aHindi literature | ||
| 653 | _aHindi prose | ||
| 942 | _cBK | ||
| 999 |
_c8699 _d8699 |
||